[Event "Moscow op-A"]
[Site "Moscow"]
[Date "2016.02.05"]
[Round "7"]
[White "Timofeev, Artyom"]
[Black "Eliseev, Urii"]
[Result "1-0"]
[WhiteElo "2570"]
[BlackElo "2582"]
[PlyCount "95"]
[EventDate "2016.01.30"]
[EventType "swiss"]
[EventRounds "9"]
[EventCountry "RUS"]
[SourceTitle "CBM 170 Extra"]
[Source "ChessBase"]
[SourceDate "2016.02.25"]
[SourceVersion "1"]
[SourceVersionDate "2016.02.25"]
[SourceQuality "1"]

1. e4 c5 2. Nf3 Nc6 3. d4 cxd4 4. Nxd4 Nf6 5. Nc3 d6 6. Bg5 e6 7. Qd2 a6 8. 0-0-0 Bd7 9. f4 b5 10. Bxf6 gxf6 11. Kb1 Qb6 12. Nxc6 Bxc6 13. f5 b4 14. Ne2 e5 15. Ng3 h5 16. Bc4 h4 17. Nf1 Bxe4 18. Qe2 Bxf5 19. Ne3 Be6 20. Nd5 Bxd5 21. Bxd5 Rc8 22. Qg4 Rc7 23. Rhf1 Rh6 24. Rf3 h3 25. Rg3 a5 26. a4 Qf2 27. Bb3 f5 28. Qg8 hxg2 29. Rg7 Rf6 30. Rh7 d5 31. Rh8 Qc5 32. Qxg2 d4 33. Qg7 Rcc6 34. Ka2 Rce6 35. Rg1 Rh6 36. Rg5 Rxh8 37. Qxh8 Rh6 38. Qg8 Rf6 39. Rg7 Qe7 40. h4 f4 41. h5 f3 42. h6 f2 43. h7 f1Q 44. h8Q d3 45. Rg1 Qf3 46. Rg3 Qc6 47. Rxd3 Rg6 48. Qxe5 1-0

[Event "Khanty-Mansiysk Governor Cup 11th"]
[Site "Khanty-Mansiysk"]
[Date "2015.11.30"]
[Round "8"]
[White "Rozum, Ivan"]
[Black "Eliseev, Urii"]
[Result "0-1"]
[WhiteElo "2559"]
[BlackElo "2548"]
[PlyCount "80"]
[EventDate "2015.11.23"]
[EventType "swiss"]
[EventRounds "9"]
[EventCountry "RUS"]
[SourceTitle "CBM 169 Extra"]
[Source "ChessBase"]
[SourceDate "2015.12.18"]
[SourceVersion "1"]
[SourceVersionDate "2015.12.18"]
[SourceQuality "1"]

1. Nf3 Nf6 2. g3 g6 3. Bg2 Bg7 4. 0-0 0-0 5. d4 d5 6. Nbd2 c6 7. c4 a5 8. b3 a4 9. Ba3 Re8 10. e3 Bf5 11. Qe2 Ne4 12. Nxe4 Bxe4 13. Rfd1 Qb6 14. b4 Qa6 15. b5 Qa5 16. bxc6 Nxc6 17. cxd5 Qxd5 18. Rac1 Ra5 19. Ne1 Bxg2 20. Nxg2 g5 21. Bc5 e5 22. e4 Nxd4 23. Bxd4 exd4 24. Rc8 Qe6 25. Rxe8+ Qxe8 26. h4 h6 27. hxg5 hxg5 28. Ne1 Rc5 29. Nf3 Qb5 30. Qd2 Qc6 31. Qb4 b6 32. Qb1 Rc2 33. Nxg5 d3 34. Nf3 Qc5 35. Rf1 d2 36. Qd1 Bh6 37. Qe2 Qc4 38. Qd1 Rc1 39. Nxd2 Qxf1+ 40. Qxf1 Bxd2 0-1

[Event "Khanty-Mansiysk Governor Cup 11th"]
[Site "Khanty-Mansiysk"]
[Date "2015.11.27"]
[Round "5"]
[White "Eliseev, Urii"]
[Black "Antipov, Mikhail Al"]
[Result "0-1"]
[WhiteElo "2548"]
[BlackElo "2569"]
[PlyCount "104"]
[EventDate "2015.11.23"]
[EventType "swiss"]
[EventRounds "9"]
[EventCountry "RUS"]
[SourceTitle "CBM 169 Extra"]
[Source "ChessBase"]
[SourceDate "2015.12.18"]
[SourceVersion "1"]
[SourceVersionDate "2015.12.18"]
[SourceQuality "1"]

1. e4 c5 2. Nf3 d6 3. d4 cxd4 4. Nxd4 Nf6 5. Nc3 a6 6. Bg5 Nbd7 7. Qe2 e6 8. 0-0-0 Be7 9. Bd2 Qc7 10. g4 Nb6 11. g5 Nfd7 12. f4 Nc5 13. h4 Bd7 14. Bh3 0-0-0 15. f5 Kb8 16. Rdf1 e5 17. Nb3 Nca4 18. f6 gxf6 19. gxf6 Bf8 20. Rf3 Rc8 21. Bxd7 Qxd7 22. Na5 Rc5 23. Nb3 Rc4 24. Kb1 Qg4 25. Re1 Nxc3+ 26. Bxc3 Bh6 27. Na5 Rc7 28. Bb4 Rd8 29. Qf2 Nc8 30. a3 d5 31. exd5 Rxd5 32. Rc3 Rd1+ 33. Rxd1 Qxd1+ 34. Ka2 Rxc3 35. Bxc3 Qd5+ 36. b3 Bf4 37. Nc4 Nd6 38. Nxd6 Qxd6 39. Qg2 Qc6 40. Qg8+ Qc8 41. Qxc8+ Kxc8 42. b4 Kd7 43. Kb3 Bg3 44. h5 Kd6 45. b5 axb5 46. Kb4 e4 47. Kxb5 e3 48. Kb6 e2 49. a4 e1Q 50. Bxe1 Bxe1 51. c4 Bc3 52. a5 Bxa5+ 0-1

[Event "Khanty-Mansiysk Governor Cup 11th"]
[Site "Khanty-Mansiysk"]
[Date "2015.11.26"]
[Round "4"]
[White "Ponkratov, Pavel"]
[Black "Eliseev, Urii"]
[Result "1/2-1/2"]
[WhiteElo "2604"]
[BlackElo "2548"]
[PlyCount "80"]
[EventDate "2015.11.23"]
[EventType "swiss"]
[EventRounds "9"]
[EventCountry "RUS"]
[SourceTitle "CBM 169 Extra"]
[Source "ChessBase"]
[SourceDate "2015.12.18"]
[SourceVersion "1"]
[SourceVersionDate "2015.12.18"]
[SourceQuality "1"]

1. d4 Nf6 2. c4 g6 3. Nc3 d5 4. cxd5 Nxd5 5. e4 Nxc3 6. bxc3 Bg7 7. Nf3 c5 8. Be3 Qa5 9. Nd2 cxd4 10. Nc4 Qd8 11. cxd4 f5 12. Ne5 Bxe5 13. dxe5 Qxd1+ 14. Rxd1 Kf7 15. exf5 Bxf5 16. Be2 Nc6 17. f4 Nb4 18. g4 Nc2+ 19. Kf2 Nxe3 20. Kxe3 Be6 21. f5 gxf5 22. gxf5 Bxf5 23. Rhf1 e6 24. Rd7+ Kg6 25. Rxb7 Rhc8 26. Rg1+ Kh6 27. Rf7 Rc3+ 28. Kf2 Rh3 29. Bg4 Rxh2+ 30. Kg3 Bg6 31. Rxh7+ Bxh7 32. Kxh2 Rg8 33. Bxe6 Re8 34. Bb3 Rxe5 35. Rd1 a5 36. Kg3 Kg5 37. Rd7 Bf5 38. Rd5 Rxd5 39. Bxd5 Bd7 40. Kf3 Kf5 1/2-1/2

[Event "Moscow-chT"]
[Site "Moscow"]
[Date "2015.10.31"]
[Round "8.2"]
[White "Eliseev, Urii"]
[Black "Bazarov, Konstantin"]
[Result "1-0"]
[WhiteElo "2536"]
[BlackElo "2341"]
[PlyCount "59"]
[EventDate "2015.10.15"]
[EventType "team-swiss"]
[EventRounds "9"]
[EventCountry "RUS"]
[SourceTitle "EXT 2017"]
[Source "ChessBase"]
[SourceDate "2016.10.25"]
[SourceVersion "1"]
[SourceVersionDate "2016.10.25"]
[SourceQuality "1"]
[WhiteTeam "SergArk team"]
[BlackTeam "Moscow Yakimanka"]
[WhiteTeamCountry "RUS"]
[BlackTeamCountry "RUS"]

1. e4 d5 2. exd5 Qxd5 3. Nc3 Qd6 4. d4 Nf6 5. Nf3 a6 6. Bc4 b5 7. Bb3 Bb7 8. Ne5 e6 9. Bf4 Qd8 10. Qe2 Nd5 11. Qh5 g6 12. Qf3 Bg7 13. Bg5 f6 14. Bh4 0-0 15. Nd3 Bc6 16. Nc5 Re8 17. 0-0 Nxc3 18. Qxc3 Bd5 19. Rfe1 Kf7 20. Bg3 Bf8 21. Nxe6 Rxe6 22. Rxe6 Kxe6 23. Re1+ Kf5 24. Qd3+ Kg5 25. Bf4+ Kxf4 26. Qg3+ Kf5 27. Re5+ fxe5 28. Qxe5+ Kg4 29. f3+ Bxf3 30. Be6+ 1-0

[Event "Moscow-chT"]
[Site "Moscow"]
[Date "2015.10.25"]
[Round "6.2"]
[White "Eliseev, Urii"]
[Black "Nikolenko, Oleg"]
[Result "1-0"]
[WhiteElo "2536"]
[BlackElo "2503"]
[PlyCount "67"]
[EventDate "2015.10.15"]
[EventType "team-swiss"]
[EventRounds "9"]
[EventCountry "RUS"]
[SourceTitle "CBM 168 Extra"]
[Source "ChessBase"]
[SourceDate "2015.10.29"]
[SourceVersion "1"]
[SourceVersionDate "2015.10.29"]
[SourceQuality "1"]
[WhiteTeam "SergArk team"]
[BlackTeam "Automation"]
[WhiteTeamCountry "RUS"]
[BlackTeamCountry "RUS"]

1. e4 e5 2. Nf3 Nc6 3. Bb5 a6 4. Ba4 Nf6 5. 0-0 Be7 6. d3 d6 7. c3 0-0 8. Re1 Bg4 9. Nbd2 Nd7 10. h3 Bh5 11. Bc2 Re8 12. g4 Bg6 13. Nf1 Nf8 14. Ng3 Ne6 15. Nf5 Bg5 16. Nxg5 Nxg5 17. h4 Nh3+ 18. Kg2 Nf4+ 19. Bxf4 exf4 20. d4 Bxf5 21. gxf5 Qxh4 22. Rh1 Qg5+ 23. Kf1 g6 24. Qf3 Na5 25. Qh3 Kf8 26. Qxh7 gxf5 27. Rg1 Qf6 28. e5 dxe5 29. dxe5 Rxe5 30. Rg8+ Ke7 31. Rxa8 Nc4 32. Rd1 Ne3+ 33. fxe3 fxe3 34. Re8+ 1-0

[Event "Chigorin Memorial 23rd"]
[Site "St Petersburg"]
[Date "2015.10.04"]
[Round "2"]
[White "Eliseev, Urii"]
[Black "Leontiev, Aleksandr V"]
[Result "1-0"]
[WhiteElo "2536"]
[BlackElo "2281"]
[PlyCount "87"]
[EventDate "2015.10.03"]
[EventType "swiss"]
[EventRounds "9"]
[EventCountry "RUS"]
[SourceTitle "CBM 168 Extra"]
[Source "ChessBase"]
[SourceDate "2015.10.29"]
[SourceVersion "1"]
[SourceVersionDate "2015.10.29"]
[SourceQuality "1"]

1. e4 e5 2. Nf3 Nc6 3. Bb5 a6 4. Ba4 d6 5. 0-0 Bg4 6. h3 h5 7. Bxc6+ bxc6 8. d4 Bxf3 9. Qxf3 exd4 10. e5 Ne7 11. Re1 d5 12. Bg5 Qd7 13. e6 fxe6 14. Nd2 c5 15. Re2 Rb8 16. Nb3 Ng6 17. Qf5 Rb6 18. Rae1 Qf7 19. Rxe6+ Rxe6 20. Rxe6+ Be7 21. Qxg6 Qxg6 22. Rxg6 Kf7 23. Rxg7+ Kxg7 24. Bxe7 c4 25. Nxd4 Rb8 26. b3 cxb3 27. axb3 a5 28. Bc5 a4 29. bxa4 Rb1+ 30. Kh2 Ra1 31. Ne6+ Kf7 32. Nxc7 Rxa4 33. c3 Rc4 34. Bb6 Rxc3 35. Nxd5 Rb3 36. Be3 h4 37. Nf4 Kf6 38. Ne2 Kg6 39. Nd4 Rb2 40. f4 Kh5 41. Nf3 Ra2 42. Bd4 Ra4 43. f5 Ra3 44. Bf6 1-0

[Event "Chigorin Memorial blitz 23rd"]
[Site "St Petersburg"]
[Date "2015.10.02"]
[Round "13"]
[White "Andriasian, Zaven"]
[Black "Eliseev, Urii"]
[Result "1-0"]
[WhiteElo "2591"]
[BlackElo "2536"]
[PlyCount "47"]
[EventDate "2015.10.02"]
[EventType "swiss (blitz)"]
[EventRounds "13"]
[EventCountry "RUS"]
[SourceTitle "CBM 168 Extra"]
[Source "ChessBase"]
[SourceDate "2015.10.29"]
[SourceVersion "1"]
[SourceVersionDate "2015.10.29"]
[SourceQuality "1"]

1. e4 c5 2. Nc3 Nc6 3. Nf3 d6 4. Bb5 Bd7 5. 0-0 Nf6 6. Re1 g6 7. Bxc6 Bxc6 8. d4 cxd4 9. Nxd4 Bg7 10. Bg5 0-0 11. Qd2 Re8 12. Rad1 Qa5 13. Nb3 Qc7 14. Nd5 Nxd5 15. exd5 Bb5 16. c3 Bc4 17. Nc1 a5 18. a3 a4 19. Bh6 Bh8 20. Ne2 Ra5 21. Nf4 Be5 22. h3 Bxf4 23. Qxf4 Bxd5 24. Qf6 1-0

[Event "Chigorin Memorial blitz 23rd"]
[Site "St Petersburg"]
[Date "2015.10.02"]
[Round "7"]
[White "Eliseev, Urii"]
[Black "Smirnov, Timofey"]
[Result "1-0"]
[WhiteElo "2536"]
[BlackElo "2289"]
[PlyCount "73"]
[EventDate "2015.10.02"]
[EventType "swiss (blitz)"]
[EventRounds "13"]
[EventCountry "RUS"]
[SourceTitle "CBM 168 Extra"]
[Source "ChessBase"]
[SourceDate "2015.10.29"]
[SourceVersion "1"]
[SourceVersionDate "2015.10.29"]
[SourceQuality "1"]

1. e4 e5 2. Nf3 Nc6 3. Bc4 Bc5 4. 0-0 Nf6 5. d3 0-0 6. h3 h6 7. c3 d6 8. Bb3 Bb6 9. Nbd2 Be6 10. Nc4 Qe7 11. Re1 Nd7 12. d4 Bxc4 13. Bxc4 Kh8 14. Be3 Nd8 15. a4 c6 16. a5 Bc7 17. Qb3 f5 18. exf5 e4 19. Bf4 Rxf5 20. Bg3 Rc8 21. Nh4 Rf6 22. d5 Nc5 23. Qc2 Nf7 24. b4 Nd7 25. Rxe4 Qf8 26. Re6 Nde5 27. Rxf6 gxf6 28. dxc6 bxc6 29. Qf5 Re8 30. Qxf6+ Qg7 31. Qxg7+ Kxg7 32. Bb3 d5 33. Ba4 Re6 34. Nf5+ Kf6 35. Nd4 Rd6 36. Re1 Rd8 37. Bh4+ 1-0

[Event "Chigorin Memorial blitz 23rd"]
[Site "St Petersburg"]
[Date "2015.10.02"]
[Round "8"]
[White "Eliseev, Urii"]
[Black "Timofeev, Artyom"]
[Result "1/2-1/2"]
[WhiteElo "2536"]
[BlackElo "2539"]
[PlyCount "146"]
[EventDate "2015.10.02"]
[EventType "swiss (blitz)"]
[EventRounds "13"]
[EventCountry "RUS"]
[SourceTitle "CBM 168 Extra"]
[Source "ChessBase"]
[SourceDate "2015.10.29"]
[SourceVersion "1"]
[SourceVersionDate "2015.10.29"]
[SourceQuality "1"]

1. e4 e6 2. d4 d5 3. Nc3 Nc6 4. Nf3 Nf6 5. e5 Ne4 6. Bd3 Bb4 7. 0-0 Nxc3 8. bxc3 Bxc3 9. Rb1 h6 10. Be3 Bb4 11. Nd2 Qe7 12. Qg4 g6 13. Qf4 b6 14. Nf3 Bd7 15. h4 0-0-0 16. Bb5 Na5 17. Ba6+ Kb8 18. Bd2 Bxd2 19. Qxd2 Nc4 20. Qc3 Qa3 21. Qxa3 Nxa3 22. Rb3 Nc4 23. Rd1 Ba4 24. Rc3 b5 25. Bxb5 Bxb5 26. Rb1 c6 27. a4 a6 28. Ne1 Kc7 29. axb5 cxb5 30. Rf3 Rhf8 31. Rf6 Kc6 32. Nd3 a5 33. h5 gxh5 34. Rxh6 b4 35. f4 Na3 36. Rc1 Kb5 37. Nc5 Rc8 38. Rxh5 Rxc5 39. dxc5 Rc8 40. Rh7 Rxc5 41. Rxf7 a4 42. f5 exf5 43. e6 Rc8 44. e7 Re8 45. Re1 Nc4 46. Rxf5 Kc5 47. Rf8 Nd6 48. Re6 b3 49. cxb3 axb3 50. Rxd6 b2 51. Rxd5+ Kxd5 52. Rxe8 b1Q+ 53. Kh2 Qh7+ 54. Kg1 Qb1+ 55. Kh2 Qh7+ 56. Kg1 Ke6 57. Rf8 Kxe7 58. Rf3 Qe4 59. Kf2 Qc4 60. Kg1 Ke6 61. Kh2 Ke5 62. Kg1 Ke4 63. Kh2 Qe2 64. Kg1 Qe1+ 65. Kh2 Kd4 66. Rh3 Ke5 67. Rf3 Ke4 68. Rh3 Kf4 69. Rf3+ Kg4 70. Rh3 Qe5+ 71. Kg1 Qe2 72. Rf3 Qxf3 73. gxf3+ Kxf3 1/2-1/2

[Event "RUS-ch Higher League 68th"]
[Site "Kaliningrad"]
[Date "2015.06.26"]
[Round "5"]
[White "Eliseev, Urii"]
[Black "Gontcharov, Vladislav"]
[Result "1-0"]
[WhiteElo "2530"]
[BlackElo "2431"]
[PlyCount "63"]
[EventDate "2015.06.22"]
[EventType "swiss"]
[EventRounds "9"]
[EventCountry "RUS"]
[SourceTitle "EXT 2017"]
[Source "ChessBase"]
[SourceDate "2016.10.25"]
[SourceVersion "1"]
[SourceVersionDate "2016.10.25"]
[SourceQuality "1"]

1. e4 e6 2. d4 d5 3. Nc3 Bb4 4. a3 Bxc3+ 5. bxc3 Ne7 6. Bd3 c5 7. e5 Qa5 8. Bd2 c4 9. Be2 Bd7 10. Nh3 Ba4 11. Nf4 g6 12. Rb1 Nbc6 13. Bg4 0-0-0 14. h4 h6 15. 0-0 Rd7 16. h5 g5 17. Ne2 Qd8 18. f4 gxf4 19. Rxf4 Qg8 20. Ng3 Qg7 21. Rc1 Rf8 22. Qf3 Nd8 23. Bh3 Ng8 24. Kh2 Qh7 25. Nf5 Kc7 26. Ne3 Re8 27. Be1 b5 28. Bh4 a5 29. Qe2 Nc6 30. Rcf1 Qg7 31. Nxd5+ Kb7 32. Ne3 1-0